| 000 | 02699cam a22003255i 4500 | ||
|---|---|---|---|
| 999 |
_c27734 _d27705 |
||
| 001 | 20037407 | ||
| 003 | EG-ScBUE | ||
| 005 | 20191104155653.0 | ||
| 008 | 170926s2018 enk f fb 001 0 eng d | ||
| 020 | _a9781138048744 (Paperback) | ||
| 040 |
_aDLC _beng _erda _cDLC _dDLC _dEG-ScBUE |
||
| 082 | 0 | 4 |
_a808.0428 _bBAI _222 |
| 100 | 1 |
_aBailey, Stephen, _d1947- _eauthor. _932948 |
|
| 245 | 1 | 0 |
_aAcademic writing : _ba handbook for international students / _cStephen Bailey. |
| 250 | _aFifth edition. | ||
| 264 | 1 |
_aOxon, UK. ; _aNew York : _bRoutledge / Taylor & Francis Group, _c2018. |
|
| 300 |
_axxx, 312 pages ; _c25 cm |
||
| 336 |
_atext _btxt _2rdacontent |
||
| 337 |
_aunmediated _bn _2rdamedia |
||
| 338 |
_avolume _bnc _2rdacarrier |
||
| 504 | _aIncludes bibliographical references and index. | ||
| 520 | _aNow in its fifth edition, Academic Writing helps international students succeed in writing essays and reports for their English-language academic courses. Thoroughly revised and updated, it is designed to let teachers and students easily find the topics they need, both in the classroom and for self-study. The book consists of five parts: -The Writing Process -- Elements of Writing -- Language Issues -- Vocabulary for Writing -- Writing Models. The first part explains and practises every stage of essay writing, from choosing the best sources, reading and note-making, through to referencing and proofreading. The four remaining parts, organised alphabetically, can be taught in conjunction with the first part or used on a remedial basis. A progress check at the end of each part allows students to assess their learning. All units are fully cross-referenced, and a complete set of answers to the practice exercises is included. | ||
| 520 | _aNew topics in this edition include Writing in Groups, Written British and American English, and Writing Letters and Emails. In addition, the new interactive website has a full set of teaching notes as well as more challenging exercises, revision material and links to other sources. Additional features of the book include: Models provided for writing tasks such as case studies and - essays. - Use of authentic academic texts from a wide range of disciplines. - Designed for self-study as well as classroom use. - Useful at both undergraduate and postgraduate level. - Glossary to explain technical terms, plus index. | ||
| 650 | 7 |
_aEnglish language _xRhetoric _vHandbooks, manuals, etc. _2BUEsh _97500 |
|
| 650 | 7 |
_aEnglish language _vTextbooks for foreign speakers. _2BUEsh |
|
| 650 | 7 |
_aAcademic writing _vHandbooks, manuals, etc. _2BUEsh |
|
| 653 |
_bHHUUEENN _cNovember2019 |
||
| 655 | _vReading book | ||
| 942 |
_2ddc _cBB |
||